Sports Quiz

Random Sports or World Quiz

FIFA members Quiz Stats

 Plays Quiz not verified by Sporcle

Challenge
Share
Tweet
Embed
Score 0/206 Timer 15:00
0 Plays Today
Continent Country % Correct
South AmericaArgentina
93.4%
South AmericaBrazil
93.4%
EuropeEngland
93.4%
EuropeNetherlands
93.4%
EuropeNorthern Ireland
93.4%
EuropeAndorra
92.1%
EuropeFrance
92.1%
EuropeGermany
92.1%
EuropeScotland
92.1%
North AmericaUSA
92.1%
OceaniaAustralia
90.8%
EuropeAustria
90.8%
EuropeNorway
90.8%
EuropePortugal
90.8%
EuropeSwitzerland
90.8%
South AmericaUruguay
90.8%
AsiaAfghanistan
89.5%
EuropeBelgium
89.5%
EuropeWales
89.5%
EuropeAlbania
88.2%
AfricaAlgeria
88.2%
South AmericaBolivia
88.2%
EuropeSerbia
88.2%
EuropeSpain
88.2%
EuropeSweden
88.2%
North AmericaCanada
86.8%
South AmericaChile
86.8%
AsiaIndia
86.8%
AsiaKorea Republic
86.8%
EuropeLuxembourg
86.8%
South AmericaParaguay
86.8%
EuropePoland
86.8%
AsiaChina PR
85.5%
South AmericaColombia
85.5%
North AmericaCuba
85.5%
EuropeDenmark
85.5%
EuropeGreece
85.5%
EuropeHungary
85.5%
AsiaIran
85.5%
EuropeItaly
85.5%
AsiaJapan
85.5%
AsiaKorea DPR
85.5%
Central AmericaMexico
85.5%
OceaniaNew Zealand
85.5%
OceaniaFiji
84.2%
EuropeFinland
84.2%
AfricaGhana
84.2%
AsiaIraq
84.2%
North AmericaJamaica
84.2%
AfricaNiger
84.2%
EuropeRussia
84.2%
EuropeSan Marino
84.2%
EuropeSlovenia
84.2%
EuropeTurkey
84.2%
Central AmericaCosta Rica
82.9%
EuropeCroatia
82.9%
EuropeCzech Republic
82.9%
South AmericaEcuador
82.9%
EuropeIceland
82.9%
EuropeLatvia
82.9%
Central AmericaNicaragua
82.9%
South AmericaPeru
82.9%
EuropeSlovakia
82.9%
AfricaSouth Africa
82.9%
South AmericaVenezuela
82.9%
AfricaZimbabwe
82.9%
North AmericaBahamas
81.6%
EuropeBosnia-Herzegovina
81.6%
Central AmericaEl Salvador
81.6%
Continent Country % Correct
AsiaPakistan
81.6%
AfricaZambia
81.6%
Central AmericaBelize
80.3%
EuropeAzerbaijan
80.3%
AfricaEgypt
80.3%
EuropeEstonia
80.3%
EuropeIsrael
80.3%
AsiaLaos
80.3%
AfricaNigeria
80.3%
Central AmericaPanama
80.3%
EuropeUkraine
80.3%
EuropeBelarus
78.9%
Central AmericaGuatemala
78.9%
EuropeMontenegro
78.9%
AsiaSyria
78.9%
North AmericaTrinidad and Tobago
78.9%
AfricaAngola
77.6%
EuropeArmenia
77.6%
North AmericaBarbados
77.6%
AsiaCambodia
77.6%
EuropeCyprus
77.6%
South AmericaGuyana
77.6%
AsiaKazakhstan
77.6%
AfricaNamibia
77.6%
AsiaOman
77.6%
EuropeRomania
77.6%
OceaniaSamoa
77.6%
AfricaSaudi Arabia
77.6%
EuropeBulgaria
76.3%
AfricaCameroon
76.3%
AfricaChad
76.3%
AfricaCote D'Ivoire
76.3%
North AmericaHonduras
76.3%
AfricaLiberia
76.3%
AsiaMalaysia
76.3%
AfricaSudan
76.3%
South AmericaSuriname
76.3%
AfricaTogo
76.3%
AsiaBangladesh
75%
EuropeGeorgia
75%
AsiaIndonesia
75%
AsiaJordan
75%
AfricaLibya
75%
EuropeMoldova
75%
AsiaThailand
75%
OceaniaTonga
75%
AsiaTurkmenistan
75%
AsiaVietnam
75%
AsiaYemen
75%
AsiaBhutan
73.7%
North AmericaDominica
73.7%
AfricaEthiopia
73.7%
AfricaGuinea
73.7%
North AmericaHaiti
73.7%
EuropeMalta
73.7%
AfricaMozambique
73.7%
AsiaSri Lanka
73.7%
AfricaSwaziland
73.7%
North AmericaAntigua and Barbuda
72.4%
AfricaBotswana
72.4%
EuropeFaroe Islands
72.4%
AsiaLebanon
72.4%
AfricaMadagascar
72.4%
OceaniaPapua New Guinea
72.4%
AsiaTajikistan
72.4%
AfricaTunisia
72.4%
AsiaUzbekistan
72.4%
AfricaBurundi
71.1%
North AmericaDominican Republic
71.1%
Continent Country % Correct
AfricaGabon
71.1%
AfricaKenya
71.1%
AsiaKyrgyzstan
71.1%
AsiaNepal
71.1%
AsiaPhilippines
71.1%
AsiaQatar
71.1%
AsiaSeychelles
71.1%
North AmericaSt. Kitts and Nevis
71.1%
North AmericaSt. Lucia
71.1%
AfricaUganda
71.1%
AfricaCongo
69.7%
AfricaEritrea
69.7%
North AmericaGrenada
69.7%
AfricaLesotho
69.7%
AsiaBahrain
68.4%
AfricaBenin
68.4%
North AmericaBermuda
68.4%
AfricaGambia
68.4%
AsiaKuwait
68.4%
AfricaMali
68.4%
AsiaMongolia
68.4%
AfricaMorocco
68.4%
AsiaSingapore
68.4%
North AmericaAruba
67.1%
OceaniaSolomon Islands
67.1%
AfricaCentral African Republic
65.8%
AfricaComoros
65.8%
AfricaMalawi
65.8%
AfricaRwanda
65.8%
AfricaSomalia
65.8%
AfricaTanzania
65.8%
AfricaDjibouti
64.5%
AfricaMauritania
64.5%
AsiaMyanmar
64.5%
North AmericaSt. Vincent
64.5%
AfricaEquatorial Guinea
63.2%
AfricaGuinea-Bissau
63.2%
AsiaMaldives
63.2%
AfricaMauritius
63.2%
OceaniaVanuatu
63.2%
AfricaBurkina Faso
61.8%
AfricaSenegal
61.8%
AsiaHong Kong
60.5%
AsiaUnited Arab Emirates
60.5%
AfricaSierra Leone
59.2%
North AmericaBritish Virgin Islands
57.9%
AsiaPalestine
57.9%
EuropeRepublic Of Ireland
57.9%
North AmericaUS Virgin Islands
57.9%
OceaniaAmerican Samoa
56.6%
OceaniaNew Caledonia
55.3%
AsiaTimor-Leste
55.3%
AsiaGuam
53.9%
North AmericaPuerto Rico
53.9%
OceaniaTahiti
51.3%
AsiaChinese Taipei
48.7%
North AmericaAnguilla
47.4%
North AmericaCuracao
47.4%
AsiaMacau
47.4%
OceaniaCook Islands
46.1%
EuropeFYR Macedonia
44.7%
North AmericaTurks and Caicos Islands
44.7%
AsiaMontserrat
43.4%
AfricaCape Verde Islands
39.5%
North AmericaCayman Islands
38.2%
AfricaCongo DR
34.2%
AsiaBrunei Darussalam
31.6%
AfricaSao Tome e Principe
18.4%

You're not logged in!

Compare scores with friends on all Sporcle quizzes.
Join for Free
OR
Log In

You Might Also Like...

Show Comments

Extras

Created Jun 1, 2011ReportNominate
Tags:Country Quiz, World Quiz, FIFA

Top Quizzes Today


Score Distribution

Your Account Isn't Verified!

In order to create a playlist on Sporcle, you need to verify the email address you used during registration. Go to your Sporcle Settings to finish the process.

Report this User

Report this user for behavior that violates our Community Guidelines.

Details: